عرض عادي عرض مارك
  • الإعلان العالمي لحقوق الإنسان

مدخل عنوان موحد

عدد التسجيلات المستخدمة في: 1

001 - رقم الضبط

  • حقل الضبط: 15545

003 - معرف رقم الضبط

  • حقل الضبط: OSt

005 - تاريخ ووقت أخر عملية

  • حقل الضبط: 20120606101633.0

008 - عناصر بيانات ثابتة الطول

  • حقل تحكم ثابت الطول: 120606|||a|||||| | ||| d

040 ## - مصدر الفهرسة

  • هيئة الفهرسة الأصلية: OSt
  • وكالة الكتابة: OSt

130 ## - مدخل -- اسم مؤتمر

  • العنوان الموحد: الإعلان العالمي لحقوق الإنسان

670 ## - بيانات المصدر موجوده

  • الاستشهاد بالمصدر: Work cat.: (OSt): العبادي، أسامة ناظم سعدون. 15544, الإسلام والإعلان العالمي لحقوق الإنسان :, 2012